| 000 | 01064cam a2200253 i 4500 | ||
|---|---|---|---|
| 003 | SA-RiAUC | ||
| 005 | 20251014074855.0 | ||
| 008 | 251012s1997 ku g f000r0 ara c | ||
| 040 |
_aSA-JeALM _bara _cSA-RiAUC _erda |
||
| 082 | 0 | 4 | _a236.4 |
| 090 |
_aخ 236.4 _bا م ا |
||
| 100 | 1 |
_aالإمام مالك، مالك بن أنس بن مالك، _d93-179 هجري _eمؤلف. |
|
| 245 | 1 | 2 |
_aالموطأ لإمام الأئمة وعالم المدينة مالك بن أنس / _cإعداد وتعليق محمد بن ناصر العجمي. |
| 250 | _aالطبعة الاولى. | ||
| 264 | 1 |
_aالكويت : _bمركز البحوث والدراسات الكويتية، _c1997 |
|
| 300 |
_a679 صفحة ؛ _c24 سم |
||
| 336 |
_aنص _btxt _2rdacontent _3كتاب |
||
| 337 |
_aبدون وسيط _bn _2rdamedia |
||
| 650 | 7 |
_aالحديث _xمسند ابن مالك _2aucsh |
|
| 700 | 1 |
_aالعجمي، محمد بن ناصر _eمعد. |
|
| 942 |
_2ddc _cMANUSCRIPT _n0 |
||
| 949 |
_aSA-JeALM _d251012 _uosman123 _n1 |
||
| 999 |
_c12539 _d12539 |
||